|
|
|
|
| LEADER |
00000nam0a2200000 4500 |
| 001 |
343889 |
| 005 |
20231102005615.0 |
| 035 |
|
|
|a (RuTPU)RU\TPU\book\374582
|
| 090 |
|
|
|a 343889
|
| 100 |
|
|
|a 20191108d1884 k y0rusy50 ca
|
| 101 |
0 |
|
|a rus
|
| 102 |
|
|
|a UA
|
| 105 |
|
|
|a y z 000zy
|
| 200 |
1 |
|
|a Об интегрировании уравнения
|e [оттиск статьи]
|f В. П. Алексеевский
|
| 210 |
|
|
|a Харьков
|c Университетская типография
|d 1884
|
| 215 |
|
|
|a 24 с.
|
| 225 |
1 |
|
|a Сообщения математического общества при Харьковском Университете 1884 г.
|
| 606 |
1 |
|
|a Дифференциальные уравнения, линейные
|x Интегрирование
|2 stltpush
|3 (RuTPU)RU\TPU\subj\9709
|9 36890
|
| 610 |
1 |
|
|a труды учёных ТПУ
|
| 610 |
1 |
|
|a математический анализ
|
| 610 |
1 |
|
|a линейные дифференциальные уравнения
|
| 610 |
1 |
|
|a интегрирование
|
| 610 |
1 |
|
|a функции Бесселя
|
| 610 |
1 |
|
|a трансцендентные функции
|
| 610 |
1 |
|
|a коллекция ТПУ
|
| 675 |
|
|
|a 517.928
|v 3
|
| 700 |
|
1 |
|a Алексеевский
|b В. П.
|c ученый в области математики и теоретической механики
|c директор Томского технологического института (1907-1911)
|f 1858-1916
|g Владимир Петрович
|2 stltpush
|3 (RuTPU)RU\TPU\pers\20244
|
| 801 |
|
1 |
|a RU
|b 63413507
|c 20130214
|
| 801 |
|
2 |
|a RU
|b 63413507
|c 20191108
|g RCR
|
| 942 |
|
|
|c BK
|